Normal view
MARC view
- Aslam Khokar
Entry Personal Name
001 - CONTROL NUMBER
- control field: 79166
003 - CONTROL NUMBER IDENTIFIER
- control field: NUST
005 - DATE AND TIME OF LATEST TRANSACTION
- control field: 20210628210402.0
008 - FIXED-LENGTH DATA ELEMENTS
- fixed length control field: 210628|| aca||aabn | a|a d
040 ## - CATALOGING SOURCE
- Original cataloging agency: NUST
- Transcribing agency: NUST
100 ## - HEADING--PERSONAL NAME
- Personal name: Aslam Khokar
670 ## - SOURCE DATA FOUND
- Source citation: Work cat.: (NUST): Aslam Khokar, Teen azeem fateh henni ball.zaheer uddub babar.suleman ali shah, 2000
